000 00504nam a22001817a 4500
003 OSt
005 20240829104428.0
008 240829b |||||||| |||| 00| 0 eng d
020 _a0393965228
040 _cMUST
082 _a330 BOA 1994
100 _aBoadway, Robin W
_919088
245 _aInstructors manual economics and the Canadian economy/
_cRobin W. Boadway
260 _aNew York:
_bW.W Norton & Company
_c1994
300 _avii,492p.
_bill.
_c28cm
650 _2Economics
942 _2ddc
_cO_SHELF
999 _c9343
_d9343